[Event "Moscow Aeroflot op-A"]
[Site "Moscow"]
[Date "2024.03.06"]
[Round "7"]
[White "Grachev, Alexey1"]
[Black "Sakaev, Konstantin"]
[Result "1-0"]
[WhiteElo "2402"]
[BlackElo "2568"]
[PlyCount "77"]
[EventDate "2024.03.03"]
[EventType "swiss"]
[EventRounds "9"]
[EventCountry "RUS"]
[SourceTitle "CB11_2024"]
[SourceDate "2024.03.13"]
[SourceVersion "1"]
[SourceVersionDate "2024.03.13"]
[SourceQuality "1"]

1. e4 e6 2. d4 d5 3. Nc3 Nf6 4. Bg5 dxe4 5. Nxe4 Be7 6. Bxf6 gxf6 7. Nc3 c6 8. g3 Nd7 9. Bg2 Nb6 10. Nge2 Bd7 11. 0-0 Qc7 12. a4 a5 13. Re1 h5 14. Nf4 h4 15. Qg4 hxg3 16. hxg3 Kf8 17. Qf3 Rd8 18. Ne4 Bc8 19. c3 Nd5 20. Nd3 f5 21. Nd2 b6 22. Nc4 c5 23. Na3 Ba6 24. Ne5 cxd4 25. cxd4 Bxa3 26. Qxa3+ Qd6 27. Qxd6+ Rxd6 28. Rac1 Kg7 29. Bxd5 Rxd5 30. Rc7 Rf8 31. Ra7 Bc8 32. Rd1 b5 33. Rxa5 bxa4 34. Rxd5 exd5 35. Ra1 f4 36. Rxa4 fxg3 37. fxg3 f6 38. Ra7+ Kh6 39. Rf7 1-0

[Event "Moscow Aeroflot op-A"]
[Site "Moscow"]
[Date "2024.03.04"]
[Round "4"]
[White "Sakaev, Konstantin"]
[Black "Ivanov, Victor L"]
[Result "1/2-1/2"]
[WhiteElo "2568"]
[BlackElo "2406"]
[PlyCount "87"]
[EventDate "2024.03.03"]
[EventType "swiss"]
[EventRounds "9"]
[EventCountry "RUS"]
[SourceTitle "CB11_2024"]
[SourceDate "2024.03.13"]
[SourceVersion "1"]
[SourceVersionDate "2024.03.13"]
[SourceQuality "1"]

1. e4 c5 2. Nf3 e6 3. d4 cxd4 4. Nxd4 a6 5. Bd3 Bc5 6. Nb3 Be7 7. Qg4 g6 8. Qe2 d6 9. 0-0 Nd7 10. a4 Ne5 11. a5 Nf6 12. Bh6 Nfg4 13. Bg7 Rg8 14. Bxe5 Nxe5 15. f4 Nxd3 16. cxd3 e5 17. N1d2 Be6 18. d4 Rc8 19. fxe5 dxe5 20. d5 Bd7 21. Qf2 Rf8 22. Rac1 Bb5 23. Rxc8 Qxc8 24. Rc1 Qb8 25. Qe3 h5 26. Nc4 Qd8 27. Qc3 Bxc4 28. Qxc4 Bd6 29. Qc3 Ke7 30. Nd2 Qb8 31. Kh1 Rd8 32. Qf3 Rf8 33. h3 Qa7 34. Nc4 Qc5 35. Rc3 Qb4 36. Qe3 Rd8 37. Qg5+ Ke8 38. Qf6 Bb8 39. Qg5 Qe7 40. Qe3 Kf8 41. Qb6 Rd7 42. Qf2 Kg7 43. Nb6 Rc7 44. Qe3 1/2-1/2

[Event "Moscow Aeroflot op-A"]
[Site "Moscow"]
[Date "2024.03.03"]
[Round "2"]
[White "Sakaev, Konstantin"]
[Black "Danielyan, Vahe"]
[Result "1-0"]
[WhiteElo "2568"]
[BlackElo "2335"]
[PlyCount "91"]
[EventDate "2024.03.03"]
[EventType "swiss"]
[EventRounds "9"]
[EventCountry "RUS"]
[SourceTitle "CB11_2024"]
[SourceDate "2024.03.13"]
[SourceVersion "1"]
[SourceVersionDate "2024.03.13"]
[SourceQuality "1"]

1. d4 Nf6 2. c4 e6 3. Nc3 Bb4 4. e3 0-0 5. Bd3 Re8 6. Nge2 d5 7. 0-0 Nbd7 8. Qb3 Bd6 9. Ng3 dxc4 10. Bxc4 a6 11. e4 b5 12. Be2 b4 13. Na4 Bxg3 14. hxg3 Nxe4 15. Qxb4 Ndf6 16. Nc5 a5 17. Qa4 Nxc5 18. dxc5 Ba6 19. Bxa6 Rxa6 20. Bg5 Ra8 21. Rad1 Qe7 22. Bxf6 Qxf6 23. b3 h6 24. Rd7 Re7 25. Rfd1 Rxd7 26. Qxd7 Qe5 27. c6 a4 28. bxa4 Rb8 29. Qe7 g6 30. Rd8+ Rxd8 31. Qxd8+ Kg7 32. Qd2 Qc5 33. Qb2+ e5 34. Qb5 Qd4 35. Kh2 Kf6 36. Qb7 Qd1 37. f3 Qd6 38. a5 h5 39. a6 h4 40. a7 hxg3+ 41. Kh3 Qd4 42. a8Q Kg5 43. Qh8 Qf4 44. Qb2 f5 45. Qd8+ Kh5 46. Qbd2 1-0

[Event "RUS-ch Higher League 76th"]
[Site "Novokuznetsk"]
[Date "2023.07.01"]
[Round "5"]
[White "Rozum, Ivan"]
[Black "Sakaev, Konstantin"]
[Result "1/2-1/2"]
[WhiteElo "2511"]
[BlackElo "2589"]
[PlyCount "34"]
[EventDate "2023.06.26"]
[EventType "swiss"]
[EventRounds "9"]
[EventCountry "RUS"]
[SourceTitle "EXT 2024"]
[Source "ChessBase"]
[SourceDate "2023.10.10"]
[SourceVersion "1"]
[SourceVersionDate "2023.10.10"]
[SourceQuality "1"]

1. c4 e5 2. g3 c6 3. Nf3 e4 4. Nd4 d5 5. cxd5 Qxd5 6. Nc2 Nf6 7. Nc3 Qe5 8. Bg2 Na6 9. 0-0 Be7 10. Ne3 0-0 11. Qc2 Nc5 12. Rb1 Qh5 13. Re1 a5 14. b3 Bh3 15. Bh1 Rfe8 16. Bb2 Bf8 17. a3 Qg6 1/2-1/2

[Event "RUS-ch Higher League 75th"]
[Site "Obninsk"]
[Date "2022.06.27"]
[Round "2"]
[White "Sakaev, Konstantin"]
[Black "Yeletsky, Ivan"]
[Result "1/2-1/2"]
[WhiteElo "2603"]
[BlackElo "2474"]
[PlyCount "87"]
[EventDate "2022.06.26"]
[EventType "swiss"]
[EventRounds "9"]
[EventCountry "RUS"]
[SourceTitle "CBM 209 Extra"]
[Source "ChessBase"]
[SourceDate "2022.09.30"]
[SourceVersion "1"]
[SourceVersionDate "2022.09.30"]
[SourceQuality "1"]

1. e4 e5 2. Nf3 Nc6 3. Bb5 a6 4. Ba4 Nf6 5. 0-0 Be7 6. d3 b5 7. Bb3 d6 8. a4 Bd7 9. c3 Na5 10. Bc2 c5 11. d4 Qb8 12. h3 h6 13. Nbd2 0-0 14. Re1 Rc8 15. dxe5 dxe5 16. axb5 axb5 17. Nf1 Rd8 18. Qe2 Be6 19. Ne3 c4 20. Nf5 Bf8 21. g4 Nd7 22. g5 h5 23. g6 fxg6 24. Ng5 Bf7 25. Nxf7 Kxf7 26. Nh4 Qb6 27. Bg5 Be7 28. Qf3+ Bf6 29. Rad1 Nf8 30. Rd5 Nc6 31. Red1 Ne7 32. Be3 Qc7 33. Rxd8 Rxd8 34. Ra1 Qc6 35. Qg3 Ra8 36. Rd1 Ra2 37. Bc1 Ra1 38. Nf3 Qc7 39. Ng5+ Kg8 40. Kh2 Bxg5 41. Bxg5 Ra2 42. Rb1 Kh7 43. Qh4 Ra7 44. Be3 1/2-1/2

[Event "RUS-chT 29th"]
[Site "Sochi"]
[Date "2022.05.10"]
[Round "7.1"]
[White "Sviridov, Valery"]
[Black "Sakaev, Konstantin"]
[Result "1/2-1/2"]
[WhiteElo "2569"]
[BlackElo "2603"]
[PlyCount "22"]
[EventDate "2022.05.01"]
[EventType "team-tourn"]
[EventRounds "7"]
[EventCountry "RUS"]
[SourceTitle "CBM 208 Extra"]
[Source "ChessBase"]
[SourceDate "2022.07.31"]
[SourceVersion "1"]
[SourceVersionDate "2022.07.31"]
[SourceQuality "1"]
[WhiteTeam "Moscow Botvinnik School"]
[BlackTeam "St Petersburg Bronze Horseman"]
[WhiteTeamCountry "RUS"]
[BlackTeamCountry "RUS"]

1. d4 Nf6 2. c4 e6 3. Nf3 d5 4. Nc3 c6 5. e3 Nbd7 6. Qc2 Bd6 7. b3 0-0 8. Be2 b6 9. 0-0 Bb7 10. e4 Nxe4 11. Nxe4 dxe4 1/2-1/2

[Event "RUS-ch Rapid"]
[Site "Sochi"]
[Date "2021.10.12"]
[Round "3"]
[White "Sakaev, Konstantin"]
[Black "Zubritskiy, Artyom"]
[Result "0-1"]
[WhiteElo "2603"]
[BlackElo "2442"]
[PlyCount "62"]
[EventDate "2021.10.12"]
[EventType "swiss (rapid)"]
[EventRounds "11"]
[EventCountry "RUS"]
[SourceTitle "CBM 204 Extra"]
[Source "ChessBase"]
[SourceDate "2021.11.30"]
[SourceVersion "1"]
[SourceVersionDate "2021.11.30"]
[SourceQuality "1"]

1. d4 f5 2. c4 Nf6 3. Nf3 g6 4. e3 Bg7 5. Be2 0-0 6. b4 d6 7. Bb2 e6 8. 0-0 Qe7 9. Nc3 Nc6 10. Qb3 Nd8 11. c5 Nf7 12. b5 Bd7 13. a4 g5 14. Ba3 Ne8 15. Rac1 Rd8 16. a5 g4 17. Nd2 Qh4 18. c6 bxc6 19. bxc6 Bxc6 20. Qxe6 Kh8 21. Qc4 Ba8 22. Nd5 Ng5 23. f4 g3 24. hxg3 Qxg3 25. fxg5 Bxd5 26. Qxd5 Qxe3+ 27. Kh2 Qxd2 28. Bf3 Qxg5 29. Rc4 Qh6+ 30. Kg3 Qg5+ 31. Kf2 Nf6 0-1

[Event "RUS-ch Blitz"]
[Site "Sochi"]
[Date "2021.10.11"]
[Round "9"]
[White "Mikhailovsky, Vladimir"]
[Black "Sakaev, Konstantin"]
[Result "0-1"]
[WhiteElo "2184"]
[BlackElo "2603"]
[PlyCount "116"]
[EventDate "2021.10.11"]
[EventType "swiss (blitz)"]
[EventRounds "13"]
[EventCountry "RUS"]
[SourceTitle "CBM 204 Extra"]
[Source "ChessBase"]
[SourceDate "2021.11.30"]
[SourceVersion "1"]
[SourceVersionDate "2021.11.30"]
[SourceQuality "1"]

1. e4 c5 2. d4 cxd4 3. c3 dxc3 4. Nxc3 Nc6 5. Nf3 e6 6. Bc4 d6 7. 0-0 Nf6 8. Qe2 Be7 9. Rd1 e5 10. h3 0-0 11. Bg5 a6 12. Rd2 Be6 13. Rad1 Bxc4 14. Qxc4 Rc8 15. Bxf6 Bxf6 16. Rxd6 Nd4 17. Rxd8 Rxc4 18. Rd7 b5 19. Nd2 Rc6 20. Nf1 Rd8 21. Rxd8+ Bxd8 22. Ne3 g6 23. Kf1 Kg7 24. Ned5 Ba5 25. f3 b4 26. Na4 Rc8 27. b3 Rc2 28. Ne3 Rxa2 29. Nc4 Nxb3 30. Nxe5 Rxa4 31. Rd7 Kf6 32. f4 Ke6 33. Rxf7 Ra1+ 34. Ke2 Ra2+ 35. Kd3 Nc5+ 36. Kd4 Bb6 37. f5+ gxf5 38. exf5+ Kd6 39. Nc4+ Kc6 40. Rf6+ Ne6+ 41. Kd3 Bc5 42. Rxe6+ Kb5 43. g4 Rf2 44. Nd2 a5 45. Re8 a4 46. Rb8+ Kc6 47. Rc8+ Kb6 48. Nc4+ Kb5 49. Rb8+ Ka6 50. Ne5 b3 51. Kc3 Bd6 52. Re8 Kb5 53. Nc4 Bb4+ 54. Kd3 Rf3+ 55. Ke4 Kxc4 56. Kxf3 b2 57. Rc8+ Kb3 58. f6 b1Q 0-1

[Event "RUS-ch Blitz"]
[Site "Sochi"]
[Date "2021.10.11"]
[Round "11"]
[White "Sakaev, Konstantin"]
[Black "Alekseev, Evgeny V"]
[Result "1/2-1/2"]
[WhiteElo "2603"]
[BlackElo "2602"]
[PlyCount "23"]
[EventDate "2021.10.11"]
[EventType "swiss (blitz)"]
[EventRounds "13"]
[EventCountry "RUS"]
[SourceTitle "CBM 204 Extra"]
[Source "ChessBase"]
[SourceDate "2021.11.30"]
[SourceVersion "1"]
[SourceVersionDate "2021.11.30"]
[SourceQuality "1"]

1. d4 Nf6 2. c4 e6 3. Nf3 b6 4. g3 Bb7 5. Bg2 Be7 6. 0-0 0-0 7. Nc3 Ne4 8. Nxe4 Bxe4 9. Ne1 Bxg2 10. Nxg2 d5 11. Qa4 dxc4 12. Qxc4 1/2-1/2

[Event "RUS-ch Blitz"]
[Site "Sochi"]
[Date "2021.10.11"]
[Round "5"]
[White "Sakaev, Konstantin"]
[Black "Murzin, Volodar"]
[Result "1-0"]
[WhiteElo "2603"]
[BlackElo "2513"]
[PlyCount "65"]
[EventDate "2021.10.11"]
[EventType "swiss (blitz)"]
[EventRounds "13"]
[EventCountry "RUS"]
[SourceTitle "CBM 204 Extra"]
[Source "ChessBase"]
[SourceDate "2021.11.30"]
[SourceVersion "1"]
[SourceVersionDate "2021.11.30"]
[SourceQuality "1"]

1. d4 Nf6 2. c4 c6 3. Nf3 d5 4. Nc3 a6 5. e3 e6 6. Qc2 Nbd7 7. b3 Bd6 8. Bb2 Qe7 9. Be2 0-0 10. 0-0 dxc4 11. bxc4 e5 12. h3 Re8 13. Rfd1 exd4 14. exd4 Nf8 15. Re1 Qd8 16. Bf1 Ng6 17. Rxe8+ Qxe8 18. Re1 Qd8 19. Ne4 Nxe4 20. Qxe4 Bd7 21. h4 h6 22. d5 cxd5 23. cxd5 Bb5 24. Qg4 Bxf1 25. Kxf1 Qb6 26. Bd4 Qb5+ 27. Kg1 h5 28. Qxh5 Re8 29. Rxe8+ Qxe8 30. g3 Qe4 31. Qh7+ Kf8 32. Qxg7+ Ke8 33. Qxf7+ 1-0

[Event "RUS-ch Blitz"]
[Site "Sochi"]
[Date "2021.10.11"]
[Round "7"]
[White "Sakaev, Konstantin"]
[Black "Pridorozhni, Aleksei"]
[Result "0-1"]
[WhiteElo "2603"]
[BlackElo "2564"]
[PlyCount "98"]
[EventDate "2021.10.11"]
[EventType "swiss (blitz)"]
[EventRounds "13"]
[EventCountry "RUS"]
[SourceTitle "CBM 204 Extra"]
[Source "ChessBase"]
[SourceDate "2021.11.30"]
[SourceVersion "1"]
[SourceVersionDate "2021.11.30"]
[SourceQuality "1"]

1. d4 d6 2. Nf3 Bg4 3. c4 c6 4. Nc3 Nd7 5. e4 e5 6. Be2 Ngf6 7. 0-0 Be7 8. Be3 0-0 9. d5 Qa5 10. Nd2 Bxe2 11. Qxe2 Rfc8 12. Rab1 Qd8 13. Rfc1 cxd5 14. cxd5 Ne8 15. Nc4 Bg5 16. Nb5 Bxe3 17. Qxe3 Ndf6 18. h3 a6 19. Nba3 Nd7 20. Nd2 g6 21. Nc2 Rc7 22. Ne1 Rac8 23. Nb3 f5 24. exf5 gxf5 25. Nf3 Ndf6 26. Rxc7 Rxc7 27. Qg5+ Ng7 28. Nh4 f4 29. Nf5 Qf8 30. Nh6+ Kh8 31. Nd2 Rc2 32. Rd1 Rxd2 33. Rxd2 Ne4 34. Nf7+ Kg8 35. Nh6+ Kh8 36. Nf7+ Qxf7 37. Qd8+ Ne8 38. Rc2 N4f6 39. Rc8 Kg7 40. Rb8 Kg6 41. Qc8 Qxd5 42. Qxb7 Qxa2 43. Qe7 Qa4 44. Qe6 Qd1+ 45. Kh2 Ng7 46. Qc4 Nf5 47. Qxa6 Qd2 48. Qa7 f3 49. g4 Nd4 0-1

[Event "RUS-ch Blitz"]
[Site "Sochi"]
[Date "2021.10.11"]
[Round "8"]
[White "Sakaev, Konstantin"]
[Black "Riazantsev, Alexander"]
[Result "1-0"]
[WhiteElo "2603"]
[BlackElo "2634"]
[PlyCount "73"]
[EventDate "2021.10.11"]
[EventType "swiss (blitz)"]
[EventRounds "13"]
[EventCountry "RUS"]
[SourceTitle "CBM 204 Extra"]
[Source "ChessBase"]
[SourceDate "2021.11.30"]
[SourceVersion "1"]
[SourceVersionDate "2021.11.30"]
[SourceQuality "1"]

1. d4 Nf6 2. c4 e6 3. Nc3 Bb4 4. e3 0-0 5. Bd3 d5 6. a3 Be7 7. Nf3 Nbd7 8. 0-0 dxc4 9. Bxc4 c5 10. Qe2 a6 11. dxc5 Bxc5 12. e4 b5 13. Ba2 Bb7 14. e5 Bxf3 15. gxf3 Nh5 16. f4 Qh4 17. Qf3 Bb6 18. Ne4 Nc5 19. Nd6 g6 20. Be3 Na4 21. b4 Bxe3 22. fxe3 Nc3 23. Bb3 a5 24. Rac1 axb4 25. axb4 Nd5 26. Bxd5 exd5 27. Rc2 Ra3 28. Nxb5 Rb3 29. Nd4 Rxb4 30. Qxd5 Nxf4 31. Rxf4 Qe1+ 32. Kg2 Rb1 33. Qf3 Qg1+ 34. Kh3 Qg5 35. e6 Rg1 36. Rg2 Qh6+ 37. Rh4 1-0

[Event "RUS-chT 28th"]
[Site "Sochi"]
[Date "2021.05.10"]
[Round "9.2"]
[White "Sakaev, Konstantin"]
[Black "Afanasiev, Nikita"]
[Result "1/2-1/2"]
[WhiteElo "2604"]
[BlackElo "2522"]
[PlyCount "55"]
[EventDate "2021.05.01"]
[EventType "tourn"]
[EventRounds "9"]
[EventCountry "RUS"]
[SourceTitle "CBM 202"]
[Source "ChessBase"]
[SourceDate "2021.06.30"]
[SourceVersion "1"]
[SourceVersionDate "2021.06.30"]
[SourceQuality "1"]
[WhiteTeam "St Petersburg Bronze Horseman"]
[BlackTeam "Moscow Botvinnik School"]
[WhiteTeamCountry "RUS"]
[BlackTeamCountry "RUS"]

1. Nf3 c5 2. c4 Nf6 3. Nc3 Nc6 4. d4 cxd4 5. Nxd4 e6 6. a3 d5 7. cxd5 exd5 8. Bg5 Be7 9. e3 0-0 10. Be2 h6 11. Bh4 Be6 12. 0-0 Ne4 13. Nxe6 fxe6 14. Bxe7 Nxc3 15. Bxd8 Nxd1 16. Bh4 Nxb2 17. Rfb1 Nc4 18. Rxb7 Rab8 19. Rc7 Rbc8 20. Rxc8 Rxc8 21. g4 Rb8 22. Bg3 Rb3 23. a4 Rb2 24. Kf1 N6a5 25. Rd1 Ra2 26. h4 Rxa4 27. e4 Nb6 28. exd5 1/2-1/2

[Event "RUS-chT 28th"]
[Site "Sochi"]
[Date "2021.05.03"]
[Round "3.1"]
[White "Grachev, Boris V"]
[Black "Sakaev, Konstantin"]
[Result "1/2-1/2"]
[WhiteElo "2619"]
[BlackElo "2604"]
[PlyCount "36"]
[EventDate "2021.05.01"]
[EventType "tourn"]
[EventRounds "9"]
[EventCountry "RUS"]
[SourceTitle "CBM 202"]
[Source "ChessBase"]
[SourceDate "2021.06.30"]
[SourceVersion "1"]
[SourceVersionDate "2021.06.30"]
[SourceQuality "1"]
[WhiteTeam "Moscow Chess Team"]
[BlackTeam "St Petersburg Bronze Horseman"]
[WhiteTeamCountry "RUS"]
[BlackTeamCountry "RUS"]

1. c4 e6 2. Nc3 d5 3. d4 c6 4. e4 dxe4 5. Nxe4 Bb4+ 6. Nc3 c5 7. a3 Bxc3+ 8. bxc3 Nf6 9. Nf3 Qa5 10. Bd2 Ne4 11. Bd3 Nxd2 12. Qxd2 0-0 13. 0-0 cxd4 14. cxd4 Qxd2 15. Nxd2 Rd8 16. Nb3 Bd7 17. a4 Nc6 18. Rfd1 b6 1/2-1/2

[Event "RUS-chT 28th"]
[Site "Sochi"]
[Date "2021.05.01"]
[Round "1.2"]
[White "Babakekhyan, Artem"]
[Black "Sakaev, Konstantin"]
[Result "1/2-1/2"]
[WhiteElo "2236"]
[BlackElo "2604"]
[PlyCount "78"]
[EventDate "2021.05.01"]
[EventType "tourn"]
[EventRounds "9"]
[EventCountry "RUS"]
[SourceTitle "CBM 202"]
[Source "ChessBase"]
[SourceDate "2021.06.30"]
[SourceVersion "1"]
[SourceVersionDate "2021.06.30"]
[SourceQuality "1"]
[WhiteTeam "Crimea Cimmeria"]
[BlackTeam "St Petersburg Bronze Horseman"]
[WhiteTeamCountry "RUS"]
[BlackTeamCountry "RUS"]

1. g3 e5 2. c4 d6 3. Bg2 f5 4. Nc3 Nf6 5. d3 Be7 6. Nf3 0-0 7. 0-0 Nc6 8. Rb1 Qe8 9. b4 Kh8 10. b5 Nd8 11. a4 Qh5 12. Bg5 Ne6 13. Bxf6 Bxf6 14. Nd5 Bd8 15. e3 Qh6 16. Qc2 f4 17. c5 Bd7 18. cxd6 cxd6 19. exf4 exf4 20. Qd2 Qh5 21. Nxf4 Nxf4 22. gxf4 Bh3 23. Ne1 d5 24. Bxh3 Qxh3 25. Qe3 Qf5 26. Ng2 Bb6 27. Qg3 Rf6 28. Rbe1 Rg6 29. Qf3 Rf8 30. Kh1 Rh6 31. Ne3 Qxd3 32. Qxd5 Qxd5+ 33. Nxd5 Bc5 34. Kg2 Rd6 35. Rd1 Rg6+ 36. Kf3 Rh6 37. Kg2 Rg6+ 38. Kf3 Rh6 39. Kg2 Rg6+ 1/2-1/2

[Event "RUS-ch Higher League 73rd"]
[Site "Sochi"]
[Date "2020.10.09"]
[Round "2"]
[White "Samusenko, Maksim"]
[Black "Sakaev, Konstantin"]
[Result "1/2-1/2"]
[WhiteElo "2459"]
[BlackElo "2596"]
[PlyCount "90"]
[EventDate "2020.10.08"]
[EventType "swiss"]
[EventRounds "9"]
[EventCountry "RUS"]
[SourceTitle "CBM 198 Extra"]
[Source "ChessBase"]
[SourceDate "2020.11.30"]
[SourceVersion "1"]
[SourceVersionDate "2020.11.30"]
[SourceQuality "1"]

1. e4 c5 2. Nc3 d6 3. d4 cxd4 4. Qxd4 Nc6 5. Qd2 Nf6 6. b3 a6 7. Bb2 e6 8. 0-0-0 Be7 9. Kb1 b5 10. g4 b4 11. Na4 e5 12. h3 Bb7 13. Bg2 Nd7 14. f4 Qc7 15. Nf3 a5 16. g5 0-0-0 17. fxe5 dxe5 18. Qe3 Kb8 19. h4 h6 20. Rhe1 hxg5 21. hxg5 f6 22. Bf1 Na7 23. gxf6 gxf6 24. c3 Nc5 25. Rxd8+ Rxd8 26. cxb4 Nxa4 27. bxa4 axb4 28. Rc1 Qa5 29. Nd2 Qxa4 30. Nb3 Rc8 31. Rxc8+ Nxc8 32. Bd3 Ba6 33. Qe2 Bxd3+ 34. Qxd3 Qc6 35. Na5 Qa8 36. Nc4 Qc6 37. Na5 Qa8 38. Nc4 Kc7 39. Bc1 Nd6 40. Nxd6 Bxd6 41. Bd2 Qg8 42. Qc2+ Kb7 43. Qd3 Kc7 44. Qc2+ Kb7 45. Qd3 Kc7 1/2-1/2

[Event "Lipetsk Winter Cup rapid"]
[Site "Lipetsk"]
[Date "2020.01.18"]
[Round "6"]
[White "Sakaev, Konstantin"]
[Black "Sadovsky, Artem"]
[Result "1-0"]
[WhiteElo "2596"]
[BlackElo "2421"]
[PlyCount "90"]
[EventDate "2020.01.17"]
[EventType "swiss (rapid)"]
[EventRounds "11"]
[EventCountry "RUS"]
[SourceTitle "CBM 194 Extra"]
[Source "ChessBase"]
[SourceDate "2020.03.31"]
[SourceVersion "1"]
[SourceVersionDate "2020.03.31"]
[SourceQuality "1"]

1. d4 d5 2. c4 c6 3. Nf3 Nf6 4. Nc3 g6 5. cxd5 cxd5 6. Bf4 a6 7. h3 Bg7 8. e3 0-0 9. Bd3 b5 10. 0-0 Bb7 11. Qe2 Nbd7 12. Rfc1 Rc8 13. Rc2 Nb6 14. Rac1 Nc4 15. Nb1 Ne4 16. b3 Ncd6 17. Ne5 f6 18. Rxc8 Bxc8 19. Nc6 Qd7 20. Bxe4 dxe4 21. Nd2 Bb7 22. Na5 Bd5 23. Rc5 Qe6 24. Nb1 g5 25. Bh2 f5 26. Nc3 Ba8 27. Be5 Rc8 28. Bxg7 Kxg7 29. b4 Rf8 30. Nb3 Qg6 31. Re5 Rf7 32. Nc5 Kg8 33. Re6 Qg7 34. Nxa6 f4 35. Nc5 f3 36. Qf1 g4 37. g3 Rf6 38. Rxf6 exf6 39. Nxb5 Nf5 40. Qc4+ Kh8 41. Ne6 Qg8 42. hxg4 Ne7 43. Nbc7 Bd5 44. Qc5 Bxe6 45. Qxe7 Qc8 1-0

[Event "Wch Blitz"]
[Site "Moscow"]
[Date "2019.12.30"]
[Round "13"]
[White "Sakaev, Konstantin"]
[Black "Bocharov, Dmitry"]
[Result "1-0"]
[WhiteElo "2596"]
[BlackElo "2524"]
[PlyCount "65"]
[EventDate "2019.12.29"]
[EventType "swiss (blitz)"]
[EventRounds "21"]
[EventCountry "RUS"]
[SourceTitle "CBM 193 Extra"]
[Source "ChessBase"]
[SourceDate "2020.01.31"]
[SourceVersion "1"]
[SourceVersionDate "2020.01.31"]
[SourceQuality "1"]

1. d4 Nf6 2. c4 e6 3. g3 d5 4. Nf3 Bb4+ 5. Bd2 Be7 6. Bg2 0-0 7. 0-0 Nbd7 8. Qc2 Ne4 9. Bf4 c6 10. h4 b6 11. Nbd2 Nxd2 12. Nxd2 Bb7 13. e4 dxc4 14. Nxc4 c5 15. d5 exd5 16. exd5 Bf6 17. Rfe1 Ba6 18. Nd6 c4 19. Ne4 Nc5 20. Nxc5 bxc5 21. Be5 Re8 22. Bxf6 Qxf6 23. Qa4 Reb8 24. d6 Bb5 25. Qd1 g6 26. Bxa8 Rxa8 27. Qd5 Rc8 28. Rad1 Bc6 29. d7 Rd8 30. Re8+ Kg7 31. Qe5 Rxd7 32. Rxd7 Bxd7 33. Rg8+ 1-0

[Event "Wch Blitz"]
[Site "Moscow"]
[Date "2019.12.29"]
[Round "6"]
[White "Kamsky, Gata"]
[Black "Sakaev, Konstantin"]
[Result "1/2-1/2"]
[WhiteElo "2677"]
[BlackElo "2596"]
[PlyCount "48"]
[EventDate "2019.12.29"]
[EventType "swiss (blitz)"]
[EventRounds "21"]
[EventCountry "RUS"]
[SourceTitle "CBM 193 Extra"]
[Source "ChessBase"]
[SourceDate "2020.01.31"]
[SourceVersion "1"]
[SourceVersionDate "2020.01.31"]
[SourceQuality "1"]

1. e4 c5 2. Nc3 d6 3. Bc4 Nc6 4. a3 g6 5. d3 Bg7 6. h3 e6 7. Nf3 Nge7 8. Ba2 0-0 9. 0-0 b6 10. Bf4 h6 11. Qd2 g5 12. Be3 Nd4 13. Nh2 Ng6 14. Nd1 Ba6 15. Re1 Nc6 16. Rb1 d5 17. exd5 exd5 18. Qe2 Re8 19. Qf3 Nd4 20. Qxd5 Qxd5 21. Bxd5 Rad8 22. c4 Nf4 23. Nc3 Nxd3 24. Red1 Nf4 1/2-1/2